Le guide de la chanson / (Record no. 105017)

MARC details
000 -LEADER
campo de control de longitud fija 00797nam a2200253 i 4500
001 - NÚMERO DE CONTROL
campo de control 105017
003 - IDENTIFICADOR DE NÚMERO DE CONTROL
campo de control ES-MaACL
005 - FECHA Y HORA DE LA ÚLTIMA TRANSACCIÓN
campo de control 20230906183745.0
007 - CAMPO FIJO DE DESCRIPCIÓN FÍSICA--INFORMACIÓN GENERAL
campo de control de longitud fija t|
008 - DATOS DE LONGITUD FIJA--INFORMACIÓN GENERAL
campo de control de longitud fija 060606s1989 fr ||||1| fre d
020 ## - NÚMERO INTERNACIONAL ESTÁNDAR DEL LIBRO
Número Internacional Estándar del Libro 2-867-383-366
080 ## - NÚMERO DE LA CLASIFICACIÓN DECIMAL UNIVERSAL
Número de la Clasificación Decimal Universal 929(44)"19":78.071.2
100 1# - ENTRADA PRINCIPAL--NOMBRE DE PERSONA
Nombre de persona Salachas, Gilbert.
9 (RLIN) 101690
245 13 - MENCIÓN DEL TÍTULO
Título Le guide de la chanson /
Mención de responsabilidad, etc. Gilbert Salachas, Béatrice Bottet.
260 ## - PUBLICACIÓN, DISTRIBUCIÓN, ETC.
Lugar de publicación, distribución, etc. Paris :
Nombre del editor, distribuidor, etc. Syros-Alternatives,
Fecha de publicación, distribución, etc. [1989]
300 ## - DESCRIPCIÓN FÍSICA
Extensión 167 p. :
Otras características físicas il. ;
Dimensiones 22 cm.
490 1# - MENCIÓN DE SERIE
Mención de serie Les guides culturels Syros
500 ## - NOTA GENERAL
Nota general Biblioteca Jacinto Martínez Lacalle.
650 14 - PUNTO DE ACCESO ADICIONAL DE MATERIA--TÉRMINO DE MATERIA
Término de materia o nombre geográfico como elemento de entrada Cantantes-
Subdivisión geográfica Francia-
Subdivisión cronológica S.XX.
9 (RLIN) 10747
700 1# - ENTRADA AGREGADA--NOMBRE PERSONAL
Nombre de persona Bottet, Béatrice.
9 (RLIN) 30801
830 0# - PUNTO DE ACCESO ADICIONAL DE SERIE-TÍTULO UNIFORME
Título uniforme Les guides culturels Syros
9 (RLIN) 232678
852 ## - LOCALIZACIÓN
Ubicación ES-MaACL
Número de control de estantería E-11245
Sublocalización o colección R.139221
Holdings
Estatus retirado Estado de pérdida Estado de daño No para préstamo Biblioteca de origen Biblioteca actual Ubicación en estantería Fecha de adquisición Fuente de adquisición Total de préstamos Signatura topográfica completa Código de barras Visto por última vez Precio de reemplazo Tipo de ítem Koha
        Biblioteca del Ateneo de Madrid Biblioteca del Ateneo de Madrid Depósito 2 17/01/2008     E-11245 1109640 23/02/2023 23/02/2023 Libro impreso